| 000 | 00460nam a2200193Ia 4500 | ||
|---|---|---|---|
| 005 | 20230630091803.0 | ||
| 008 | 131103s9999 xx 000 0 und d | ||
| 040 | _aLoreto College | ||
| 041 | _aEnglish | ||
| 082 |
_a944 _bBRO |
||
| 100 | _aBrogan,D.W. | ||
| 245 | 4 |
_aThe French nation _cD.W.Brogan |
|
| 260 |
_a[s.l.] _b[s.n.] _c[19 - ?] |
||
| 300 | _a328 p. | ||
| 504 | _aIncludes index | ||
| 650 | _aFrance - History | ||
| 850 | _aLCLIB | ||
| 942 | _cBK | ||
| 999 |
_c8305 _d58784 |
||